000 00682nam a2200265Ia 4500
003 OSt
005 20220924122547.0
006 a|||||r|||| 00| 0
007 ta
008 220923b |||||||| |||| 00| 0 urd d
020 _c4
024 _a321931
037 _cTextual
040 _aARTS
_cARTS
_burd
041 _2urd
_aurd
082 _aQ7:353, 168A3
100 _aBakhsh Ali Au.
_9189924
245 0 _aShahab Saqib namah
260 _aLuckhnow
_bMunshi Naval Kishore India
_c1873
300 _a136p.
_ccm.
650 _a THEOLOGY
650 _aISLAM
_9577
942 _hQ7:353, 168A3
_cTEXL
_2CC
999 _c412138
_d412138